000 00671nam a2200289Ia 4500
005 20260324125349.0
008 008 260324s9999 xx 000 0 eng d
020 _a9780203863107
037 _aEBOOK
040 _aCRL
040 _beng
040 _cCRL
041 _2eng
041 _aeng
084 _qCRL
100 _aMartin L. Davies
_91177706
245 0 _aImprisoned by History
245 0 _bAspects of Historicized Life
260 _bTaylor and Francis
260 _c2009
365 _a
365 _b240
856 _uhttp://www.taylorfrancis.com/books/9780203863107
942 _cEBOOK
999 _c1772870
_d1772870